000 00780cam a2200205 a 4500
001 1178925
005 20250613094115.0
008 970123s1997 mauab b 001 0 eng
020 _a1565631455 (cloth)
050 0 0 _aBS621
_b.D495 1997
082 0 0 _a220.9
_221
100 1 _aDeVries, LaMoine F.,
_d1940-
245 1 0 _aCities of the biblical world /
_cLaMoine F. DeVries.
260 _aPeabody, Mass. :
_bHendrickson Publishers,
_cc1997.
300 _axviii, 398 p. :
_bill., maps ;
_c25 cm.
650 0 _aCities and towns, Ancient
_zMiddle East.
856 4 2 _3Publisher description
_uhttp://www.loc.gov/catdir/description/hend021/97002235.html
856 4 2 _3Contributor biographical information
_uhttp://www.loc.gov/catdir/enhancements/fy0706/97002235-b.html
942 _2lcc
_cBK
_n0
999 _c6439
_d6439